000 01525nas1a22002651i 4500
001 RU\NLR\Per\793936
005 20240921115204.0
011 _a2222-1204
035 _a(NLR Aleph) 003159631
090 _a3089754
_c3089754
100 _a20110907a20119999|||y0rusy50 ca
101 0 _arus
102 _aRU
110 _aaj|||||||||
200 1 _aПоезжай-ка!
_eв Ленинградскую область
_eжурнал-путеводитель
207 0 _a2011, 1 (1) -
210 _aСанкт-Петербург
_c[б. и.]
_d2011 -
606 1 _aТуристские маршруты
_jПериодические издания
_yЛенинградская область
_92303710
_3RU\NLR\AUTH\661379073
686 1 _aЧ581.14(2Р-4Ле)я52
686 1 _aЧ518.115(2Р-4Ле)я52
852 _aNLR
_jП41/459
942 _cJOURNAL
980 _aRUSPER